<?xml version="1.0" encoding="UTF-8"?>
<record
    xmlns:xsi="http://www.w3.org/2001/XMLSchema-instance"
    xsi:schemaLocation="http://www.loc.gov/MARC21/slim http://www.loc.gov/standards/marcxml/schema/MARC21slim.xsd"
    xmlns="http://www.loc.gov/MARC21/slim">

  <leader>00492nam a2200157Ia 4500</leader>
  <controlfield tag="008">230718s9999    xx            000 0 und d</controlfield>
  <datafield tag="041" ind1=" " ind2=" ">
    <subfield code="a">eng</subfield>
  </datafield>
  <datafield tag="082" ind1=" " ind2=" ">
    <subfield code="a">620.106</subfield>
    <subfield code="b">RAJ</subfield>
  </datafield>
  <datafield tag="100" ind1=" " ind2=" ">
    <subfield code="a">Rajput R.K.</subfield>
    <subfield code="9">137180</subfield>
  </datafield>
  <datafield tag="245" ind1=" " ind2=" ">
    <subfield code="a">Textbook Of Hydraulic Machines</subfield>
    <subfield code="b">Fluid Mechanics And Hydraulic Machines, Part-II</subfield>
  </datafield>
  <datafield tag="260" ind1=" " ind2=" ">
    <subfield code="c">2010</subfield>
    <subfield code="b">S. Chand And Company</subfield>
  </datafield>
  <datafield tag="300" ind1=" " ind2=" ">
    <subfield code="a">1003 to 1373</subfield>
  </datafield>
  <datafield tag="365" ind1=" " ind2=" ">
    <subfield code="c">Rs.</subfield>
    <subfield code="b">175.00</subfield>
  </datafield>
  <datafield tag="700" ind1=" " ind2=" ">
    <subfield code="a">Rajput R.K.</subfield>
    <subfield code="9">137180</subfield>
  </datafield>
  <datafield tag="906" ind1=" " ind2=" ">
    <subfield code="d">O:0078409-Apr-2010B:234102-Apr-2010</subfield>
    <subfield code="c">MECH</subfield>
    <subfield code="b">262.5</subfield>
  </datafield>
  <datafield tag="999" ind1=" " ind2=" ">
    <subfield code="c">324681</subfield>
    <subfield code="d">324681</subfield>
  </datafield>
  <datafield tag="952" ind1=" " ind2=" ">
    <subfield code="0">0</subfield>
    <subfield code="1">0</subfield>
    <subfield code="4">0</subfield>
    <subfield code="7">0</subfield>
    <subfield code="a">CCEP</subfield>
    <subfield code="b">CCEP</subfield>
    <subfield code="d">2010-04-09</subfield>
    <subfield code="e">Om Book Stall</subfield>
    <subfield code="f">MECH</subfield>
    <subfield code="g">148.75</subfield>
    <subfield code="i">2341</subfield>
    <subfield code="l">11</subfield>
    <subfield code="o">620.106</subfield>
    <subfield code="p">CCEP-BK-35888</subfield>
    <subfield code="r">2025-05-31 00:00:00</subfield>
    <subfield code="s">2025-05-06</subfield>
    <subfield code="t">262.5</subfield>
    <subfield code="v">175.00</subfield>
    <subfield code="w">2010-04-02</subfield>
    <subfield code="y">BK</subfield>
    <subfield code="z">035888</subfield>
  </datafield>
</record>
